banner-ar

تقدير الذات وعلاقته ببعض المتغيرات البيئية والشخصية لدى عينة من اطفال صنعاء / (Record no. 46363)

MARC details
000 -الفاتح
حقل البيانات ثابتة الطول 00668nam a2200181Ia 4500
008 - عناصر البيانات ثابتة الطول - معلومات عامة
حقل البيانات ثابتة الطول 140319s9999 xx 000 0 ara d
040 ## - مصدر الفهرسة
وكالة الفهرسة الأصلية GCL /
وكالة النسخ GCL
082 04 - رقم تصنيف ديوى العشرى
رقم التصنيف 155.4
رقم المادة م ن
100 1# - المدخل الرئيسى - إسم شخصى
الإسم الشخصى محمود فتحى عكاشة
245 10 - بيان العنوان
العنوان تقدير الذات وعلاقته ببعض المتغيرات البيئية والشخصية لدى عينة من اطفال صنعاء /
بيان المسئوليه,etc محمود فتحى عكاشة
300 ## - الوصف المادى
التعداد 31
490 ## - بيان السلسلة
عنوان السلسلة الجمعية الكويتية لتقدم الطفولة
رقم المجلد/ التعيين التسلسلي 0
650 04 - المدخل الاضافى بالموضوع-مصطلح موضوعى
مصطلح موضوعي علم النفس
650 04 - المدخل الاضافى بالموضوع-مصطلح موضوعى
مصطلح موضوعي علم نفس الطفل
650 04 - المدخل الاضافى بالموضوع-مصطلح موضوعى
مصطلح موضوعي صنعاء - علم نفس الطفل
942 ## - عناصر المدخل الإضافي( كوها)
مصدر التصنيف او مخطط الترفيف Dewey Decimal Classification
Koha [default] item type كتاب
Holdings
حالة التراجع حالة الفقد حالة تلف ليس للاعارة المكان المؤقت الموقع الحالى تاريخ الاكتساب اجمالي اﻻعارات رقم الطلب الباركود تاريخ اخر مشاهدة تاريخ تفعيل السعر نوع وعاء كوها
        مكتبة القاهرة الكبرى مكتبة القاهرة الكبرى 03/26/2014   155.4\م ن 112855 03/26/2014 03/26/2014 كتاب
        مكتبة القاهرة الكبرى مكتبة القاهرة الكبرى 03/26/2014   155.4\م ن 112856 03/26/2014 03/26/2014 كتاب
        مكتبة القاهرة الكبرى مكتبة القاهرة الكبرى 03/26/2014   155.4\م ن 112857 03/26/2014 03/26/2014 كتاب

Powered By

EGPV